| 000 | 00595nam a22001577a 4500 | ||
|---|---|---|---|
| 003 | SGT | ||
| 020 | _a9789350713761 | ||
| 082 | _a510, ARO | ||
| 100 | _aARORA,S.R | ||
| 245 | _aBUSINESS MATHEMATICS & STATISTICS | ||
| 260 |
_aNEW DELHI _bTAXMAN PUBLICATION _c2014 |
||
| 300 | _a774 | ||
| 650 | _aMATHEMATICS | ||
| 653 | _aMATRICES AND DETERMINANTS,APPLICATIONS OF MATRICES AND DETERMINANTS,LIMITS, CONTINUITY AND DIFFERENTIATION, APPLICATION OF DIFFERENTIATION, PARTIAL DIFFERENTIATION, APPLICATIONS OF PARTIAL DIFFERENTIATION, INTEGRATION, APPLICATION OF INTEGRATION, | ||
| 942 |
_2ddc _cFCM _025 |
||
| 999 |
_c8814 _d8814 |
||